Una Necrópolis romana en la basílica de Santa María del Mar, de Barcelona / por Mariano Ribas Bertrán
Descripción Física:
p. 195-228 : il., 1 map. pleg. ; 27 cm
Colección:
Monografías ; 29
MARC
| LEADER | 00000nam a2200000Ia 4500 | ||
|---|---|---|---|
| 001 | 7776 | ||
| 008 | 160829s1967 xx 000 0 cat d | ||
| 080 | |a FU-21-17 | ||
| 100 | |a Ribas i Bertran, Marià |9 31759 | ||
| 245 | |a Una Necrópolis romana en la basílica de Santa María del Mar, de Barcelona / por Mariano Ribas Bertrán | ||
| 260 | |a Barcelona : |b Diputación. Instituto de Prehistoria y Arqueología, |c 1967 | ||
| 300 | |a p. 195-228 : |b il., 1 map. pleg. ; |c 27 cm | ||
| 490 | |a Monografías ; 29 | ||
| 590 | |a Separata d'Ampurias ; 29 | ||
| 610 | 2 | 0 | |a Santa Maria del Mar (Església : Barcelona, Catalunya) |9 56266 |
| 650 | |a Tombes |x Barcelona |9 31761 | ||
| 650 | |a Barcelona |x Arqueologia |9 31762 | ||
| 710 | 2 | |a Instituto de Prehistoria y Arqueología (Barcelona, Catalunya) |9 54255 | |
| 901 | |a Arxiu | ||
| 942 | |n 1 |2 udc | ||
| 952 | |0 0 |1 0 |4 0 |6 FU2117 |7 1 |9 45749 |a Arxiu |b Arxiu |d 2016-12-01 |l 0 |o FU-21-17 |p 7776 |r 2016-12-01 00:00:00 |w 2016-12-01 |y ARXIU | ||
| 999 | |c 49249 |d 49249 | ||